000 00553cam a22001931 4500
001 ca 24000636
003 DLC
005 20260227111112.0
008 880725s1924 cauc 000 0 eng
010 _aca 24000636
035 _a(OCoLC)18265598
040 _aDLC
_cRPB
_dDLC
042 _apremarc
050 0 0 _aPS3507.A586
_bL6 1924
100 1 _aDanielewicz, Rosa.
245 1 0 _aLogic and love,
_bpoems of peace
_cby Rosa Danielewicz.
260 _aOakland, Calif.
_b[Triangle Printing Co.]
_c1924.
300 _a[42] p., 2 l.
_bfront. (port.)
_c18 cm.
999 _c15812
_d15812